000 00326nam a2200133Ia 4500
005 20260328101451.0
008 260328s9999||||xx |||||||||||||| ||und||
100 _aVan Hensbergen, Gijs
245 0 _aAntoni Gaudí /
_cGijs Van Hensbergen
260 _bPlaza & Janés
300 _a347 p.
650 _aARQUITECTOS
942 _cBK
999 _c8678
_d8678